[Event "21ème open inter de La Réunion"]
[Site "Salle des fêtes de Bellepierre"]
[Date "2019.10.20"]
[Round "7.16"]
[White "Folio, Raphael"]
[Black "Mohamed, Keziah"]
[Result "1-0"]
[WhiteElo "1440"]
[BlackElo "1033"]
[PlyCount "61"]
[EventDate "2019.??.??"]

1. d4 d5 2. Nf3 e6 3. e3 Nf6 4. Be2 Be7 5. b3 O-O 6. Bb2 Nbd7 7. Nbd2 b6 8. O-O
Bb7 9. c4 Rc8 10. Ne5 Nxe5 11. dxe5 Nd7 12. Nf3 c5 13. Qc2 Qc7 14. Bd3 g6 15.
Rfe1 f6 16. exf6 Bxf6 17. Rad1 Bxb2 18. Qxb2 Rcd8 19. Qc2 Rf6 20. e4 Ne5 21.
Nxe5 Qxe5 22. exd5 Qg5 23. Qd2 Qxd2 24. Rxd2 exd5 25. Rde2 Bc6 26. Re7 Ra8 27.
Rc7 Be8 28. cxd5 Rf7 29. d6 Rxc7 30. dxc7 b5 31. Re5 1-0

[Event "21ème open inter de La Réunion"]
[Site "Salle des fêtes de Bellepierre"]
[Date "2019.10.20"]
[Round "7.17"]
[White "Rajaobelina, Hery"]
[Black "Folio, Thomas"]
[Result "1/2-1/2"]
[WhiteElo "1625"]
[BlackElo "1199"]
[PlyCount "96"]
[EventDate "2019.??.??"]

1. e4 e6 2. d4 d5 3. Nc3 Nf6 4. e5 Nfd7 5. f4 c5 6. Nf3 Nc6 7. Be3 Qb6 8. Na4
Qa5+ 9. c3 cxd4 10. b4 Qc7 11. Nxd4 Nxd4 12. Bxd4 a6 13. Qd2 b5 14. Nb2 Be7 15.
Bd3 Bb7 16. O-O O-O 17. Rf3 f6 18. Re1 Rae8 19. Rh3 f5 20. Qe2 g6 21. g4 Nb8
22. a3 Nc6 23. g5 Nxd4 24. cxd4 Qc3 25. Qf2 Qxa3 26. Ree3 Qxb4 27. Rxh7 Rf7 28.
Rh6 Qxd4 29. Rxg6+ Rg7 30. Rxg7+ Kxg7 31. Re2 Qxf2+ 32. Kxf2 b4 33. Na4 Bc6 34.
Bc2 Rb8 35. Bb3 Bxa4 36. Bxa4 b3 37. Rb2 Rb4 38. Bd7 Kf7 39. Kf3 Bc5 40. h4 Bd4
41. Rb1 b2 42. h5 Rb3+ 43. Kg2 Ra3 44. h6 Ra1 45. Bxe6+ Kf8 46. Rxb2 Bxb2 47.
g6 Bd4 48. g7+ Ke7 1/2-1/2

[Event "21ème open inter de La Réunion"]
[Site "Salle des fêtes de Bellepierre"]
[Date "2019.10.20"]
[Round "7.18"]
[White "Weber, Richard"]
[Black "Sandjivy, Jean Marc"]
[Result "1-0"]
[WhiteElo "1486"]
[BlackElo "1218"]
[PlyCount "81"]
[EventDate "2019.??.??"]

1. e4 e6 2. a3 c5 3. c4 Nc6 4. Nf3 g6 5. d3 Bg7 6. Qc2 Nge7 7. Nc3 O-O 8. Bd2
d5 9. Rd1 d4 10. Ne2 e5 11. Ng3 Qb6 12. Be2 Bd7 13. O-O Rfe8 14. Rb1 a5 15. Qc1
a4 16. Bh6 Bh8 17. h4 Na5 18. Bd1 Qc6 19. h5 Bg4 20. hxg6 hxg6 21. Qg5 Bxf3 22.
gxf3 Bf6 23. Qg4 Kh7 24. Bg5 Bxg5 25. Qxg5 f6 26. Qg4 Rh8 27. Kg2 Ng8 28. Bc2
Nh6 29. Rh1 Kg7 30. Rxh6 Rxh6 31. Nf5+ Kh7 32. Nxh6 Kxh6 33. Qh3+ Kg7 34. Rh1
Kf7 35. Qh7+ Ke6 36. Qxg6 Rf8 37. Qg4+ Ke7 38. Rh7+ Ke8 39. Rg7 b6 40. Bxa4
Qxa4 41. Qc8# 1-0

[Event "21ème open inter de La Réunion"]
[Site "Salle des fêtes de Bellepierre"]
[Date "2019.10.20"]
[Round "7.19"]
[White "Alleman, Robin"]
[Black "Mablouke, Ulrich"]
[Result "1-0"]
[WhiteElo "1098"]
[BlackElo "1433"]
[PlyCount "55"]
[EventDate "2019.??.??"]

1. e4 e5 2. Nf3 d6 3. Bc4 Nc6 4. d4 Bg4 5. h3 Bxf3 6. Qxf3 Nf6 7. d5 Nd4 8. Qd3
a6 9. c3 b5 10. cxd4 bxc4 11. Qxc4 exd4 12. Qxd4 Be7 13. Nc3 O-O 14. Qd3 Nd7
15. O-O Ne5 16. Qe3 Re8 17. b3 Bf6 18. Bb2 Ng6 19. Rac1 Ne7 20. Na4 Nxd5 21.
Qd2 Bxb2 22. Nxb2 Nf6 23. f3 Nh5 24. Qa5 Re5 25. Qxc7 Qh4 26. Qc8+ Re8 27. Qg4
Re5 28. Rc8+ 1-0

[Event "21ème open inter de La Réunion"]
[Site "Salle des fêtes de Bellepierre"]
[Date "2019.10.20"]
[Round "7.20"]
[White "Eboue, Yuri"]
[Black "Alex-Geerjanan, Nils"]
[Result "1-0"]
[WhiteElo "1310"]
[BlackElo "1009"]
[PlyCount "61"]
[EventDate "2019.??.??"]

1. e4 e5 2. Nf3 Nc6 3. d4 d6 4. dxe5 dxe5 5. Qxd8+ Nxd8 6. Nxe5 Nf6 7. Bd3 Nc6
8. Nxc6 bxc6 9. Bf4 Bd6 10. Bg3 O-O 11. O-O Re8 12. Nd2 Be5 13. Bxe5 Rxe5 14.
f4 Re8 15. h3 Bb7 16. Rae1 Rad8 17. Re2 Re7 18. Rfe1 c5 19. Kf2 Red7 20. Nb3
Nh5 21. g3 c4 22. Bxc4 Nf6 23. Nc5 Rd2 24. Nxb7 Rxe2+ 25. Rxe2 Rd4 26. Bb3
Nxe4+ 27. Kf3 Nd2+ 28. Kg2 h6 29. Nc5 Nxb3 30. Nxb3 a5 31. Nxd4 1-0

[Event "21ème open inter de La Réunion"]
[Site "Salle des fêtes de Bellepierre"]
[Date "2019.10.20"]
[Round "7.21"]
[White "Fondrat, Thierry"]
[Black "Eric Andriana, Fitia"]
[Result "0-1"]
[WhiteElo "1358"]
[BlackElo "1325"]
[PlyCount "60"]
[EventDate "2019.??.??"]

1. d4 d5 2. c4 e6 3. Nc3 Nf6 4. Nf3 b6 5. cxd5 exd5 6. g3 Be7 7. Bg2 O-O 8. O-O
Nc6 9. a3 a5 10. Qc2 Bb7 11. Rd1 Rb8 12. h4 Bd6 13. Bg5 h6 14. Bxf6 Qxf6 15.
Nxd5 Qd8 16. e4 Ne7 17. Nc3 Ng6 18. e5 Be7 19. Rac1 Qd7 20. d5 Rbd8 21. e6 Qe8
22. h5 Nh8 23. g4 fxe6 24. dxe6 Bxf3 25. Bf1 Bxd1 26. Rxd1 Rxd1 27. Qxd1 Bc5
28. Bc4 Bxf2+ 29. Kh1 Qc6+ 30. Kh2 Qxc4 0-1

[Event "21ème open inter de La Réunion"]
[Site "Salle des fêtes de Bellepierre"]
[Date "2019.10.20"]
[Round "7.22"]
[White "Vaast, Jean"]
[Black "Cavillot-Delestage, Raphael"]
[Result "0-1"]
[WhiteElo "1355"]
[BlackElo "1056"]
[PlyCount "34"]
[EventDate "2019.??.??"]

1. Nf3 Nf6 2. d3 d6 3. Nbd2 e5 4. g3 b6 5. Bg2 Bb7 6. b3 Nbd7 7. Bb2 Be7 8. O-O
O-O 9. Re1 Nc5 10. e4 Re8 11. a3 a5 12. b4 axb4 13. axb4 Rxa1 14. Qxa1 Na6 15.
b5 Nc5 16. d4 Ncxe4 17. Rxe4 Nxe4 0-1

[Event "21ème open inter de La Réunion"]
[Site "Salle des fêtes de Bellepierre"]
[Date "2019.10.20"]
[Round "7.23"]
[White "Bosi-Lagarde, Arthur"]
[Black "Parame, Bruno"]
[Result "1-0"]
[WhiteElo "1100"]
[BlackElo "1199"]
[PlyCount "93"]
[EventDate "2019.??.??"]

1. e4 e6 2. Nf3 g6 3. Bc4 Bg7 4. c3 d6 5. d3 Nc6 6. Nbd2 Nge7 7. Nf1 d5 8. exd5
exd5 9. Bb3 O-O 10. Ng3 Re8 11. O-O Nf5 12. Nxf5 Bxf5 13. c4 d4 14. Bg5 Qc8 15.
Qd2 a5 16. a3 a4 17. Ba2 Bg4 18. Nh4 Ne5 19. Rfe1 Bh5 20. h3 c5 21. Kf1 b6 22.
g4 Bxg4 23. hxg4 Nxg4 24. Rxe8+ Qxe8 25. Qf4 Qd7 26. Re1 h5 27. Re7 Ne3+ 28.
fxe3 Qh3+ 29. Ng2 Rf8 30. Rb7 dxe3 31. Qxe3 Qh1+ 32. Qg1 Qh3 33. Rxb6 Bd4 34.
Be3 Bxe3 35. Qxe3 Qh1+ 36. Qg1 Qh3 37. Qe3 Qg4 38. Qe2 Qd4 39. Qe4 Qd8 40. Rc6
Re8 41. Qf3 Qa5 42. Qf2 Qa8 43. Qxc5 Qd8 44. Qd5 Qb8 45. Rxg6+ Kf8 46. Rf6 Re7
47. Qxh5 1-0

[Event "21ème open inter de La Réunion"]
[Site "Salle des fêtes de Bellepierre"]
[Date "2019.10.20"]
[Round "7.24"]
[White "Erudel, Irina"]
[Black "Leliboux, Thais"]
[Result "0-1"]
[WhiteElo "1009"]
[BlackElo "1181"]
[PlyCount "62"]
[EventDate "2019.??.??"]

1. e4 c6 2. Bc4 d5 3. exd5 cxd5 4. Bb5+ Nc6 5. Nc3 Nf6 6. Nf3 a6 7. Bd3 e5 8.
Ng5 h6 9. Nh3 Bc5 10. b3 O-O 11. Qf3 e4 12. Qg3 exd3 13. cxd3 Re8+ 14. Ne2 Nd4
15. O-O Nxe2+ 16. Kh1 Nxg3+ 17. fxg3 Bxh3 18. gxh3 Qe7 19. Bb2 Nd7 20. Rae1
Qxe1 21. Rxe1 Rxe1+ 22. Kg2 Re2+ 23. Kf1 Rxd2 24. Bc3 Rxa2 25. d4 Bd6 26. Kg1
Re8 27. g4 Ree2 28. h4 Rec2 29. Be1 Rc1 30. Kf1 Bb4 31. g5 Rxe1# 0-1

[Event "21ème open inter de La Réunion"]
[Site "Salle des fêtes de Bellepierre"]
[Date "2019.10.20"]
[Round "7.25"]
[White "Erudel, Maeva"]
[Black "Khantalina, Ilariya"]
[Result "1/2-1/2"]
[WhiteElo "1009"]
[BlackElo "1009"]
[PlyCount "83"]
[EventDate "2019.??.??"]

1. d4 d5 2. e3 Nc6 3. Bd3 e5 4. c3 exd4 5. cxd4 Bb4+ 6. Nc3 Bxc3+ 7. bxc3 Nf6
8. f4 Ne7 9. Nf3 Bf5 10. O-O Bxd3 11. Qxd3 O-O 12. Rb1 b6 13. Ba3 Rc8 14. Bxe7
Qxe7 15. Rfe1 Qe4 16. Qxe4 dxe4 17. Nd2 Nd5 18. Nxe4 Rce8 19. Ng3 Nxe3 20. Kf2
Nd5 21. Rxe8 Rxe8 22. Re1 Rxe1 23. Kxe1 Nxc3 24. a3 Nb5 25. a4 Nxd4 26. Kd2 Kf8
27. Kd3 Nc6 28. Ne2 a6 29. Kc4 b5+ 30. axb5 axb5+ 31. Kxb5 Nd8 32. Nd4 Ke7 33.
Nc6+ Nxc6 34. Kxc6 Kd8 35. g4 Ke7 36. Kxc7 f6 37. h4 h6 38. Kc6 g5 39. hxg5
hxg5 40. fxg5 fxg5 41. Kd5 Kf7 42. Ke4 1/2-1/2

[Event "21ème open inter de La Réunion"]
[Site "Salle des fêtes de Bellepierre"]
[Date "2019.10.20"]
[Round "7.26"]
[White "Naquin, Miguel"]
[Black "Sandjivy, Yann"]
[Result "0-1"]
[WhiteElo "1009"]
[BlackElo "1120"]
[PlyCount "64"]
[EventDate "2019.??.??"]

1. e4 e5 2. Nc3 Nf6 3. Bb5 Bc5 4. Nge2 a6 5. Bc4 Ng4 6. Na4 Nxf2 7. O-O Nxd1+
8. Nxc5 Qe7 9. b4 b6 10. Nd3 b5 11. Bd5 Nc6 12. Ba3 Qg5 13. Raxd1 d6 14. Bxc6+
Kf8 15. Bxa8 Bh3 16. Rf2 Ke7 17. Bd5 c6 18. Bxc6 f5 19. exf5 e4 20. Bxe4 Qg4
21. Nef4 Qxd1+ 22. Rf1 Qg4 23. Nd5+ Ke8 24. N5f4 Rf8 25. Nxh3 Qxe4 26. Ng5 Qa8
27. Re1+ Kd7 28. Nxh7 Rxf5 29. Bb2 Qa7+ 30. Nf2 Qxf2+ 31. Kh1 Qf1+ 32. Rxf1
Rxf1# 0-1

[Event "21ème open inter de La Réunion"]
[Site "?"]
[Date "2019.10.25"]
[Round "7.5"]
[White "BAH, ISMAEL."]
[Black "GIMENEZ MARTINEZ, ALBERTO."]
[Result "0-1"]
[WhiteElo "1660"]
[BlackElo "2225"]
[PlyCount "156"]
[EventDate "2019.10.25"]
[SourceDate "2019.10.25"]

1. c4 e6 2. Nc3 d5 3. e3 Nf6 4. b3 c5 5. d4 cxd4 6. Qxd4 Nc6 7. Qd1 Bb4 8. Bd2
Qa5 9. Qc2 d4 10. Nb5 dxe3 11. fxe3 O-O 12. a3 Rd8 13. Nf3 a6 14. Nbd4 Bxd2+
15. Qxd2 Qxd2+ 16. Nxd2 Nxd4 17. exd4 Rxd4 18. Nf3 Rd8 19. Rd1 Rxd1+ 20. Kxd1
Ng4 21. Ke2 b6 22. h3 Nf6 23. Nd2 Bb7 24. Rg1 Rd8 25. Ke3 Nd7 26. Be2 Ne5 27.
Nb1 Kf8 28. g3 Ke7 29. Rd1 Rb8 30. Nc3 f5 31. h4 h6 32. Rd2 Bc6 33. Nd1 g5 34.
hxg5 hxg5 35. Nf2 Rh8 36. Nd3 Kf6 37. Kd4 Nxd3 38. Rxd3 Be4 39. Rc3 e5+ 40. Ke3
Rh3 41. Kd2 f4 42. gxf4 Rh6 43. fxg5+ Kxg5 44. b4 Kf4 45. c5 b5 46. Rc1 Bc6 47.
Rf1+ Ke4 48. Rg1 Kd4 49. Rg8 Bd5 50. Rg3 e4 51. Rc3 Rh2 52. Re3 Rg2 53. Rh3 Bc4
54. Re3 Rh2 55. c6 Rh6 56. Rg3 Rxc6 57. Rg7 Rh6 58. Rd7+ Bd5 59. Rd8 Rh3 60.
Bg4 Rh2+ 61. Kc1 Rg2 62. Bc8 Kc4 63. Bxa6 Bc6 64. Rc8 Kd5 65. Rb8 Kc4 66. Rc8
Kd5 67. Rd8+ Ke6 68. Rb8 Rg5 69. Kd2 Kd6 70. Rf8 Kc7 71. Bc8 Rg3 72. Be6 Rxa3
73. Kc2 Rg3 74. Rf4 Kd6 75. Bg8 Rxg8 76. Kd2 Ke5 77. Rf7 Bd5 78. Re7+ Kd4 0-1

[Event "21ème open inter de La Réunion"]
[Site "Salle des fêtes de Bellepierre"]
[Date "2019.10.20"]
[Round "7.3"]
[White "Rebut, Paul"]
[Black "Triton, Maxime"]
[Result "1/2-1/2"]
[WhiteElo "1863"]
[BlackElo "1835"]
[PlyCount "96"]
[EventDate "2019.??.??"]

1. d4 Nf6 2. Bf4 d5 3. e3 c5 4. c3 Nc6 5. Nd2 e6 6. Ngf3 Bd6 7. Bg3 O-O 8. Bd3
b6 9. e4 Be7 10. Ne5 Bb7 11. Nxc6 Bxc6 12. e5 Ne4 13. Qe2 cxd4 14. cxd4 Bb4 15.
Bf4 Qh4 16. a3 Bxd2+ 17. Bxd2 Rac8 18. O-O Nxd2 19. Qxd2 Qe7 20. Rac1 Bb7 21.
Rxc8 Rxc8 22. Rc1 g6 23. Rxc8+ Bxc8 24. Qc3 Bb7 25. g3 Qd7 26. b3 Kg7 27. Kg2
Qe7 28. Bb5 a6 29. Bf1 h6 30. a4 a5 31. Bb5 Kh7 32. h4 Kg7 33. Bd3 Qd7 34. Bb1
Qc8 35. Qf3 Qd8 36. Qd3 h5 37. Kh3 Qc8 38. g4 hxg4+ 39. Kxg4 Qc1 40. Bc2 Ba6
41. Qxa6 Qxc2 42. Qxb6 Qxf2 43. Kh3 Kh6 44. Qd8 Qf3+ 45. Kh2 Qf2+ 46. Kh1 Qf1+
47. Kh2 Qf4+ 48. Kh3 Qf3+ 1/2-1/2